Responses for Show #5419 - Thursday, March 13, 2008

Contestants

[<< previous game]

Trevor Burrus, a law student from Centennial, Colorado

Ellen Eden, a substitute teacher and farmer from Dorsey, Illinois

Jason Kaczor, an insurance specialist from Syracuse, New York (whose 2-day cash winnings total $36,400)

[next game >>]

Jeopardy! Round responses

THE MISFITS
ALL MY SONS
THE CRUCIBLE
"DEATH"
OF A SALESMAN
ARTHUR MILLER
    $200 1
The Three Stooges

Ellen
    $200 7
Mount Rushmore

Trevor
    $200 2
temperature

Jason
    $200 16
the Black Death

Jason
    $200 21
a catalog

Jason
    $200 26
Marilyn Monroe

Trevor
    $400 4
Abbott & Costello

Jason
    $400 8
Frank Sinatra

Jason
    $400 3
(Trevor: What is terra cotta?)
[Originally ruled incorrect; reversed before first Daily Double.]

porcelain

EllenTrevor
    $400 17
"Give me liberty or give me death"

Jason
    $400 22
(Trevor: What is Chicago?)

London

EllenTrevor
    $400 27
the Brooklyn Bridge

Jason
    $600 5
Jerry Lewis

Jason
    $600 10
Son of Sam

Jason
    $600 11
platinum

Jason
    $600 18
a death mask

Trevor
    $600 23
Amway

Trevor
    $600 28
(Trevor: What is an Academy Award?)

a Tony Award

Trevor
Triple Stumper
    $800 6
The Marx Brothers

Trevor
    $1,000 14
(Jason: Who is Aaron?)

Ham

Jason
    $800 12
an ingot

Jason
    $800 19
Death Row Records

Jason
    $800 24
manufacturer's suggested retail price

Trevor
    $800 29
Clark Gable

Ellen
    $1000 9
Benny Hill

Trevor
    $1000 15
Charles Martel

Trevor
    $1000 13
zirconium

Jason
    $1000 20
(Ellen: What is The Death of the Marquis de Sade?)

The Death of Jean-Paul Marat

EllenTrevor
    $1000 25
Ross Perot

Ellen
    $1000 30
Willy Loman

Jason

Scores at the first commercial break (after clue 15):

Jason Ellen Trevor
$3,600 $600 $3,400

Scores at the end of the Jeopardy! Round:

Jason Ellen Trevor
$6,600 $1,800 $5,600

Double Jeopardy! Round responses

PSYCHOLOGY
ON THE BIG SCREEN
MAKING PIANOS AT STEINWAY
GET YOUR FACTS STRAIGHT
COUNTRIES THAT END IN "O"
4-LETTER VERBS
    $400 17
gestalt

Trevor
    $400 22
(Alex: Yes, you probably saw that, didn't you?)
[Trevor shakes head]

Superbad

Trevor
    $400 16
ebony

Trevor
    $400 11
watermelon

Ellen
    $400 1
Monaco

Ellen
    $400 6
lump it

Jason
    $800 18
(Ivan) Pavlov

Jason
    $800 23
Rush Hour

Trevor
    $800 27
soundboard

Jason
    $800 12
Novel

Jason
    $800 2
Montenegro

Jason
    $800 7
rely

Ellen
    $1200 19
(Trevor: What is An Interpretation of Dreams?)
(Alex: [Sharp intake of breath] We'll accept that. You were close enough.)

The Interpretation of Dreams

Trevor
    $1200 24
Scooby-Doo

Jason
    $1200 28
(Trevor: What is a grand?)
...
(Alex: What is the [*]. Keep getting bigger and more impressive.)

concert grand

Trevor
Triple Stumper
    $1200 13
supine

Trevor
    $1200 3
the Congo

Triple Stumper
    $1200 8
(Ellen: What is to...)

plug

Ellen
Triple Stumper
    $1600 20
B.F. Skinner

Trevor
    $1600 25
The Big Chill

Jason
    $1600 29
(Trevor: What are dampeners?)

dampers

EllenTrevor
    $1600 14
tarantella

Jason
    $1600 4
Morocco

Ellen
    $1600 9
(Trevor: What is work?)
[Audience laughter]
(Alex: Whoa-ho-ho!)
...
(Alex: [*], yes indeed! Oh boy, Trevor, you're going to hear from friends!)

glow

EllenTrevor
    $2000 21
Carl Jung

Trevor
    $2000 26
Star Wars

Jason
    $2000 30
(Jason: Who is Chopin?)
(Ellen: Who is Liszt?)

Ignace Jan Paderewski

JasonEllen
Triple Stumper
    $2000 15
Coriolanus

Ellen
    $2,000 5
San Marino

Ellen
    $2,000 10
(Ellen: What is to... [under her breath] rage, cage...?)
(Alex: Hurry.)
(Ellen: What is...)

urge

Ellen

Scores at the end of the Double Jeopardy! Round:

Jason Ellen Trevor
$14,600 $7,000 $9,200

[wagering suggestions for these scores]

Final Jeopardy! Round responses

AUTHORS
(Alex: Yoknapatawpha County. You're right.)
EllenWho is William Faulkner?
$4,500
TrevorWho Faulkner
$6,300
JasonWho is Faulkner?
$4,000
William Faulkner

Final scores:

Jason Ellen Trevor
$18,600 $11,500 $15,500
3-day champion: $55,000 3rd place: $1,000 2nd place: $2,000

Game dynamics:

Coryat scores:

Jason Ellen Trevor
$15,600 $9,000 $9,200
23 R,
2 W
(including 1 DD)
13 R
(including 1 DD),
4 W
(including 1 DD)
18 R,
5 W

Combined Coryat: $33,800

[game clues] [game scores] [suggest correction]

Game tape date: 2007-11-27
The J! Archive is created by fans, for fans. Scraping, republication, monetization, and malicious use prohibited; this site may use cookies and collect identifying information. See terms. The Jeopardy! game show and all elements thereof, including but not limited to copyright and trademark thereto, are the property of Jeopardy Productions, Inc. and are protected under law. This website is not affiliated with, sponsored by, or operated by Jeopardy Productions, Inc. Join the discussion at JBoard.tv.